|
|
|
|
| LEADER |
00000nab a2200000 ar4500 |
| 001 |
vtls009458972 |
| 003 |
SK-MaSNL |
| 005 |
20260303053638.0 |
| 008 |
090108c20081210xo dr|p|||||||000 b|slo |
| 015 |
|
|
|a SNBRB2009/01
|2 snkbucl
|
| 040 |
|
|
|a SNKBUCL
|b slo
|c SNKBUCL
|e AACR2
|
| 041 |
0 |
|
|a slo
|
| 044 |
|
|
|a xo
|c SK
|
| 080 |
|
|
|a 796.332.071.42
|2 2001
|
| 080 |
|
|
|a 929 Weiss, Vladimír
|2 2001
|
| 100 |
1 |
|
|a Hašan, Miroslav
|4 aut
|4 ivr
|9 1017118
|
| 245 |
1 |
0 |
|a Reprezentačný tréner nemá právo na omyl!
|b s Vladimírom Weissom o pádoch a vzostupoch, hráčoch i majiteľoch, štadiónoch aj lobingu, o veciach známych aj utajených
|c [zhováral sa] Miroslav Hašan
|
| 300 |
|
|
|b Fotogr.
|
| 650 |
0 |
7 |
|a futbal
|2 snkbucl
|9 3291
|
| 655 |
|
7 |
|a rozhovory
|2 snkbucl
|9 31831
|
| 700 |
1 |
|
|a Weiss, Vladimír,
|d 1964-
|4 aut
|4 ive
|9 104281
|
| 773 |
0 |
|
|t Šport
|g Roč. 62, č. 285 (10.12.2008), s. 2-5
|x 0139-7001
|
| 852 |
|
|
|a SNK
|b KIS3GCP
|
| 958 |
|
|
|a SK
|
| 958 |
|
|
|a BX
|
| 999 |
|
|
|c 1720021
|d 1721951
|